Moratín (Record no. 62885)

MARC details
000 -LEADER
campo de control de longitud fija 00588nam a2200181 i 4500
001 - NÚMERO DE CONTROL
campo de control 62885
003 - IDENTIFICADOR DE NÚMERO DE CONTROL
campo de control ES-MaACL
005 - FECHA Y HORA DE LA ÚLTIMA TRANSACCIÓN
campo de control 20250809095018.0
007 - CAMPO FIJO DE DESCRIPCIÓN FÍSICA--INFORMACIÓN GENERAL
campo de control de longitud fija t|
008 - DATOS DE LONGITUD FIJA--INFORMACIÓN GENERAL
campo de control de longitud fija 031126s1970 sp |||| |dspa d
100 1# - ENTRADA PRINCIPAL--NOMBRE DE PERSONA
Nombre de persona Fernández de Moratín, Leandro,
Fechas asociadas al nombre 1760-1828
9 (RLIN) 49695
245 10 - MENCIÓN DEL TÍTULO
Título Moratín
Resto del título : epistolario /
Mención de responsabilidad, etc. Leandro Fernández de Moratín.
260 ## - PUBLICACIÓN, DISTRIBUCIÓN, ETC.
Lugar de publicación, distribución, etc. Madrid :
Nombre del editor, distribuidor, etc. J. Pérez del Hoyo,
Fecha de publicación, distribución, etc. [1970]
300 ## - DESCRIPCIÓN FÍSICA
Extensión 168 p. ;
Dimensiones 19 cm.
600 17 - PUNTO DE ACCESO ADICIONAL DE MATERIA--NOMBRE DE PERSONA
Nombre de persona Fernández de Moratín, Leandro,
Fechas asociadas al nombre 1760-1828-
Subdivisión de forma Correspondencia
Fuente del encabezamiento o término
9 (RLIN) 166718
852 ## - LOCALIZACIÓN
Ubicación ES-MaACL
Número de control de estantería C-45372
Holdings
Estatus retirado Estado de pérdida Estado de daño No para préstamo Biblioteca de origen Biblioteca actual Ubicación en estantería Fecha de adquisición Fuente de adquisición Total de préstamos Signatura topográfica completa Código de barras Visto por última vez Precio de reemplazo Tipo de ítem Koha
        Biblioteca del Ateneo de Madrid Biblioteca del Ateneo de Madrid Depósito 2 17/01/2008     C-45372 1065924 23/02/2023 23/02/2023 Libro impreso